ბათუმის შოთა რუსთაველის სახელმწიფო უნივერსიტეტის ბიბლიოთეკა

თანამედროვე კომპიუტერული პროგრამების (Windowvs, Word, Excel) საფუძვლები სტუდენტი ახალგაზრდობისათვის / (ბიბ.ჩანაწერი № 38413)

000 -ლიდერი
ფიქსირებული სიგრძის საკონტროლო ველი 00910nam a2200217Ia 4500
001 - საკონტროლო ნომერი
საკონტროლო ველი 4424
003 - საკონტროლო ნომრის იდენტიფიკატორი
საკონტროლო ველი GE_BSU
005 - ბოლო ოპერაციის თარიღი და დრო
საკონტროლო ველი 20190514185952.0
008 - ფიქსირებული სიგრძის მონაცემთა ელემენტები - ზოგადი ინფორმაცია
ფიქსირებული სიგრძის საკონტროლო ველი 181216s2004|||| |||||||||||||| ||geo||
020 ## - წიგნის საერთაშორისო სტანდარტული ნომერი
International Standard Book Number 9994078690
040 ## - კატალოგიზაციის წყარო
Transcribing agency GE_BSU
041 ## - ენის კოდი
Language code of text/sound track or separate title geo
080 ## - უნივერსალური ათობითი კლასიფიკაციის ინდექსი
Universal Decimal Classification number 004.42 დ–63
100 ## - მთავარი ჩანაწერი - პიროვნების სახელი
Personal name დობორჯგინიძე, ვ.
9 (RLIN) 1143
245 ## - ცნობა სათაურის შესახებ
Title თანამედროვე კომპიუტერული პროგრამების (Windowvs, Word, Excel) საფუძვლები სტუდენტი ახალგაზრდობისათვის /
Statement of responsibility, etc ვ. დობორჯგინიძე
264 ## - წარმოების, გამოცემის, დისტრიბუციის და სხვა ცნობები
გამოცემის, წარმოების, დისტრიბუციის... ადგილი თბილისი;
გამოცემის, წარმოების, დისტრიბუციის... სახელწოდება ლეგა,
გამოცემის, წარმოების, დისტრიბუციის... თარიღი 2004.
300 ## - ფიზიკური აღწერა
Extent 134 გვ .;
Dimensions 20 სმ.
653 ## - INDEX TERM--UNCONTROLLED
Uncontrolled term ინფორმატიკა
653 ## - INDEX TERM--UNCONTROLLED
Uncontrolled term საინფორმაციო ტექნოლოგიები
942 ## - ADDED ENTRY ELEMENTS (KOHA)
Koha item type წიგნი
Source of classification or shelving scheme
ეგზემპლარები
ჩამოწერის სტატუსი დაკარგული ეგზემპლარის სტატუსი კლასიფიკაციის წყარო ან თაროზე გაწყობის სქემა დაზიანების სტატუსი არ გაიცემა მუდმივი მდებარეობა (დაცვის ადგილი) ამჟამინდელი ადგილსამყოფელი თაროზე განთავსების ადგილი შეძენის თარიღი ღირებულება, შესყიდვის ნორმალური ფასი სრული შენახვის შიფრი შტრიხკოდი ბოლო ოპერაციის თარიღი ეგზემპლარის მიმდევრობითი ნომერი (კეტერი?) ფასის ძალაში შესვლის თარიღი ეგზემპლარის სახეობა საჯარო შენიშვნა
          ტექნოლოგიური ფაკულტეტის ბიბლიოთეკა ტექნოლოგიური ფაკულტეტის ბიბლიოთეკა წიგნსაცავი 2018-12-17 5.00 004.42 დ–63 8456 2018-12-17 8456 2018-12-17 წიგნი 5 ლ.
          ტექნოლოგიური ფაკულტეტის ბიბლიოთეკა ტექნოლოგიური ფაკულტეტის ბიბლიოთეკა წიგნსაცავი 2018-12-17 5.00 004.42 დ–63 8457 2018-12-17 8457 2018-12-17 წიგნი 5 ლ.